000 00644cmm a22002417a 4500
001 13561677
005 20180313045400.0
007 co |||||||||||
008 040416s2003 txu m eng
010 _a 2004565665
020 _a0030556120
040 _aDLC
_cDLC
_dDLC
041 _aeng
080 _a574
082 _2574 HOL
100 _a9
101 _aMJE
245 0 0 _aHolt physical science
246 3 0 _aPhysical science
906 _a7
_bcbc
_corignew
_d4
_encip
_f20
_gy-gencompf
942 _2ddc
_cBK
999 _c44820
_d44820